Films par titres détournés II - Statistiques

Statistiques générales
  • Ce quiz a été pris 689 fois
  • Le résultat moyen est 4 sur 10
Statistiques - réponses
Hint Réponse % Correct
C'est pas la vue. C'est pas le goût. C'est pas l'ouïe. C'est pas le toucher. C'est pas l'odorat. Le sixième sens
80%
Le jardin qui se situe entre le Crétacé et le Trias Jurassic Park
65%
Matelots de peu de vertu près du Panama Pirates des Caraïbes
61%
Le monde qui se situe entre le Crétacé et le Trias Jurassic World
60%
g = P / m Gravity
41%
Capitale de l'Illinois Chicago
36%
(9^(1/2)) x (10^2) x 6 x 4 / (8 x 3) 300
32%
Cube
20%
Bien plus mieux que le 7 Super 8
8%
Tête de croûte Scarface
4%
Aucun quiz correspondant
Distribution des résultats
% des personnes avec chaque résultat
Percentile par nombre de réponses
Votre historique - résultats
Vous n’avez pas pris ce quiz